Представление документа в формате MARC21

Поле Инд. ПП Название Значение
Тип записи a
Библиографический уровень b
001 Контрольный номер RU/IS/BASE/293044975
005 Дата корректировки 20200630193234.6
008 Кодируемые данные 20090414
040 b Код языка каталог. rus
e Правила каталог. PSBO
041 0_ a Код языка текста rus
084 a Индекс другой классификации/Индекс ББК 60.562.5; 81.006.3; 60.564.04
100 1_ a Автор Мошняга Е. В.
q Полное имя Мошняга Елена Викторовна
245 10 a Заглавие Концептуальное пространство межкультурной коммуникации в туризме
504 a Библиография Библиогр. ссылки
650 14 a Основная рубрика культурология
a Основная рубрика социолингвистика
a Основная рубрика социология
a Основная рубрика социология туризма
a Основная рубрика филологические науки
a Основная рубрика языкознание
653 1_ a Ключевые слова аутентичность
a Ключевые слова культура
a Ключевые слова культурные концепты
a Ключевые слова культурный туризм
a Ключевые слова лингвокультурология
a Ключевые слова международный туризм
a Ключевые слова межкультурная коммуникация
773 08 t Заглавие источника Вестник Московского университета. Серия 18, Социология и политология
d Дата издания источника 2008
g Прочая информация № 4. - С. 5 - 19
w Контрольный № источника RU/IS/BASE/292076337
901 t Тип документа b